000 00633 a2200277 4500
260 _aParis
630 _a32 - Politique. Science politique
650 _a3 - SCIENCES SOCIALES
100 _aRousseau, Jean-Jacques
440 _n87
260 _bLe Seuil
245 _aDu contrat social ; précédé de La Démocratie selon Rousseau
300 _a313 p.
650 _aContrat social
650 _aPolitique sociale
260 _c1977
300 _b18 cm
100 _lFr
037 _aL5325
037 _aL5326
037 _aL5329
440 _aPoints
020 _a2-02-004681-4
999 _c34888
_d34888